| 000 | 00951nam a2200229 4500 | ||
|---|---|---|---|
| 008 | 080814m20049999dcu b 001 0 eng | ||
| 020 | _a1565182103 :Php10.00 (AGST) | ||
| 090 |
_aBL65.P7 _bR27h |
||
| 245 | 0 | 0 |
_aReligion, morality and communication between peoples: / _cedited by Heinz Holley, John Kromkowski, Robert Magliola. |
| 260 |
_aWashington, D.C. : _bCouncil for Research in Values and Philosophy, _cc2004 |
||
| 300 |
_a284 p. ; _c23 cm. |
||
| 490 | 1 |
_aCultural heritage and contemporary change. _nSeries VII, _pSeminars on cultures and values ; _vv. 20 |
|
| 504 | _aIncludes bibliographical references (p. 250-251) and index. | ||
| 505 | 0 | _av. 1. Religion in public life | |
| 650 | 4 | _aReligion and politics. | |
| 650 | 4 | _aReligion and sociology. | |
| 700 | 1 | _aHolley, Heinz | |
| 700 | 1 | _aKromkowski, John A. | |
| 700 | 1 | _aMagliola, Robert R. | |
| 951 |
_p32201 _x00036824 _oBL65.P7/R27h _j080814131242701 _d2000-12-21 |
||
| 999 |
_c32031 _d32031 |
||